[Event "7. Griesheimer Schachtage 2011"]
[Site "?"]
[Date "2011.??.??"]
[Round "2.12"]
[White "Haas, Vanessa"]
[Black "Rosinus, Karl"]
[Result "1-0"]
[WhiteElo "1855"]
[BlackElo "1619"]
[PlyCount "47"]

1. e4 d5 2. exd5 Qxd5 3. Nc3 Qd8 4. d4 Nf6 5. Nf3 Nd5 6. Ne4 Bf5 7. Ng3 Bg4 8.
h3 Bxf3 9. Qxf3 c6 10. c3 e6 11. Ne4 Be7 12. Bd3 Nf6 13. Qg3 g6 14. Bd2 Nxe4
15. Bxe4 Bh4 16. Qe3 O-O 17. g3 Bf6 18. g4 Bg7 19. h4 f5 20. Bd3 Qe8 21. Bc4
fxg4 22. Bxe6+ Kh8 23. Bxg4 Qxe3+ 24. fxe3 1-0

[Event "7. Griesheimer Schachtage 2011"]
[Site "?"]
[Date "2011.??.??"]
[Round "2.13"]
[White "Bejan, Viorel"]
[Black "Armbrust, Matthias"]
[Result "1/2-1/2"]
[WhiteElo "1541"]
[BlackElo "1850"]
[PlyCount "84"]

1. e4 c5 2. Nc3 Nc6 3. f4 e6 4. Nf3 d5 5. Bb5 Nge7 6. Ne5 a6 7. Nxc6 Nxc6 8.
Bxc6+ bxc6 9. d3 Be7 10. O-O O-O 11. e5 Rb8 12. Kh1 Bb7 13. Qg4 f5 14. exf6
Rxf6 15. Ne2 Bc8 16. b3 e5 17. f5 Rb4 18. Qh3 Rg6 19. c4 a5 20. g4 Rd6 21. Ba3
Rh6 22. Qg2 Rb8 23. Bc1 Bg5 24. cxd5 cxd5 25. Bxg5 Qxg5 26. Qxd5+ Kh8 27. Qxe5
Bb7+ 28. Kg1 Rd8 29. Qg3 Qd2 30. Nf4 Qc3 31. Rac1 Qb2 32. Qf2 Qf6 33. h3 Qc6
34. Kh2 Rc8 35. Ne6 Qd6+ 36. Qg3 Qd5 37. Rxc5 Rxc5 38. Nxc5 Qxc5 39. Re1 Qc2+
40. Kg1 Qc6 41. Qb8+ Bc8 42. Qg3 Bb7 1/2-1/2

[Event "7. Griesheimer Schachtage 2011"]
[Site "?"]
[Date "2011.??.??"]
[Round "2.14"]
[White "Auschkalnis, Reinhard"]
[Black "Fuchs, Andreas"]
[Result "1/2-1/2"]
[WhiteElo "1840"]
[BlackElo "1517"]
[PlyCount "45"]

1. c4 Nf6 2. Nc3 g6 3. g3 Bg7 4. Bg2 d6 5. e4 O-O 6. Nge2 e5 7. d3 Nc6 8. h3
Ne7 9. O-O Nd7 10. Be3 Kh8 11. Qd2 Ng8 12. Rad1 c6 13. b3 f5 14. d4 Qe8 15. d5
c5 16. Nb5 Qe7 17. Nc7 Rb8 18. Ne6 Rf7 19. b4 b6 20. b5 Ndf6 21. Nc3 Bd7 22.
exf5 gxf5 23. Ng5 1/2-1/2

[Event "7. Griesheimer Schachtage 2011"]
[Site "?"]
[Date "2011.??.??"]
[Round "2.15"]
[White "Bauer, Bjoern-Benny"]
[Black "Breining, Anton"]
[Result "1-0"]
[WhiteElo "1779"]
[BlackElo "1479"]
[PlyCount "71"]

1. d4 d5 2. c4 c6 3. Nc3 e6 4. Nf3 g6 5. Bf4 Bg7 6. c5 Nf6 7. Bd6 Nbd7 8. Qd2
b6 9. b4 b5 10. a4 a6 11. axb5 Ne4 12. Nxe4 dxe4 13. bxc6 exf3 14. cxd7+ Kxd7
15. exf3 Bb7 16. b5 Ke8 17. bxa6 Bc6 18. Bc4 Qd7 19. Rb1 f5 20. Qe3 Kf7 21. Rb6
Rhe8 22. O-O Ra7 23. Rfb1 Bd5 24. Bb5 Qc8 25. Bxe8+ Qxe8 26. h3 Qd7 27. Bb8 Kf6
28. Bxa7 Qxa7 29. Qe5+ Kf7 30. Qxg7+ Kxg7 31. Rb7+ Qxb7 32. Rxb7+ Kh6 33. Rd7
Ba8 34. Rd8 Bc6 35. Rd6 Ba8 36. c6 1-0

[Event "7. Griesheimer Schachtage 2011"]
[Site "?"]
[Date "2011.??.??"]
[Round "2.16"]
[White "Meisinger, Herbert"]
[Black "Thumm, Felix"]
[Result "1/2-1/2"]
[WhiteElo "1189"]
[BlackElo "1773"]
[PlyCount "59"]

1. d4 e6 2. c4 d5 3. Nf3 c5 4. cxd5 exd5 5. e3 Nc6 6. Bb5 Qb6 7. Bxc6+ bxc6 8.
b3 Ba6 9. Nc3 cxd4 10. Nxd4 Bb4 11. Bb2 Ne7 12. Nde2 O-O 13. O-O Rfe8 14. a3
Bxc3 15. Bxc3 Bxe2 16. Qxe2 Qxb3 17. Qb2 Qxb2 18. Bxb2 Rab8 19. Bd4 a6 20. Rab1
Rb5 21. Rfc1 Reb8 22. Rxb5 Rxb5 23. Bc5 Nf5 24. Bb4 Rb6 25. Bc5 Rb5 26. Bb4 Rb6
27. Bc5 Rb7 28. Bb4 Rc7 29. Ba5 Rb7 30. Bb4 1/2-1/2

[Event "7. Griesheimer Schachtage 2011"]
[Site "?"]
[Date "2011.??.??"]
[Round "2.17"]
[White "Kirschner, Matthias"]
[Black "Stegner, Naomi"]
[Result "1/2-1/2"]
[WhiteElo "1703"]
[BlackElo "1272"]
[PlyCount "54"]

1. c4 e5 2. Nc3 Nf6 3. d3 Bc5 4. g3 d5 5. Bg2 dxc4 6. dxc4 Qxd1+ 7. Nxd1 Nc6 8.
Nf3 h6 9. O-O O-O 10. a3 Be6 11. Be3 Bxe3 12. Nxe3 Rad8 13. b3 e4 14. Ne1 Nd4
15. Ra2 Nxb3 16. Rb2 Na5 17. c5 b6 18. cxb6 axb6 19. f3 exf3 20. exf3 Nd5 21.
Nxd5 Bxd5 22. f4 Bxg2 23. Nxg2 Rfe8 24. Rc1 Re7 25. Kf2 Nb7 26. Ne3 Nc5 27.
Rxc5 bxc5 1/2-1/2

[Event "7. Griesheimer Schachtage 2011"]
[Site "?"]
[Date "2011.??.??"]
[Round "2.18"]
[White "Thumm, Niklas"]
[Black "Nagel, Erwin"]
[Result "1/2-1/2"]
[WhiteElo "1038"]
[BlackElo "1687"]
[PlyCount "88"]

1. e4 d6 2. d4 Nf6 3. Nc3 e5 4. dxe5 dxe5 5. Qxd8+ Kxd8 6. Nf3 Nbd7 7. Bg5 Bd6
8. O-O-O a6 9. Bc4 Ke8 10. a3 h6 11. Bh4 g5 12. Bg3 Ke7 13. h4 g4 14. Nd2 b5
15. Nd5+ Nxd5 16. Bxd5 Rb8 17. f3 Nf6 18. h5 Nxd5 19. exd5 gxf3 20. gxf3 f5 21.
Rde1 Kf6 22. Bh4+ Kf7 23. Rhg1 Bb7 24. Rg6 Rbg8 25. Rf6+ Ke8 26. Rxf5 Bxd5 27.
Bf6 Rh7 28. Bxe5 Re7 29. f4 Rf8 30. Rxf8+ Kxf8 31. Bxd6 cxd6 32. Rf1 Re3 33. f5
Rh3 34. f6 Kf7 35. Nb1 Rxh5 36. Nc3 Bc6 37. Ne2 Rh1 38. Rxh1 Bxh1 39. Ng3 Bf3
40. Nf5 Kxf6 41. Nxh6 Bh5 42. Ng8+ Ke6 43. Kd2 Kf7 44. Nh6+ Kg6 1/2-1/2

[Event "7. Griesheimer Schachtage 2011"]
[Site "?"]
[Date "2011.??.??"]
[Round "2.19"]
[White "Reuter, Klaus"]
[Black "Urbach, Jens"]
[Result "1-0"]
[WhiteElo "1682"]
[BlackElo "1127"]
[PlyCount "39"]

1. d4 Nf6 2. c4 g6 3. Nf3 Bg7 4. Nc3 O-O 5. Bg5 c6 6. e4 h6 7. Be3 d5 8. e5 Ne4
9. Bd3 Bf5 10. O-O Qa5 11. Bxe4 Bxe4 12. cxd5 cxd5 13. Ne1 Nd7 14. Qd2 Kh7 15.
Nxe4 Qxd2 16. Nxd2 Rac8 17. Nd3 f6 18. f4 f5 19. Rac1 Rb8 20. Rc7 1-0

[Event "7. Griesheimer Schachtage 2011"]
[Site "?"]
[Date "2011.??.??"]
[Round "2.21"]
[White "Stegner, Marco"]
[Black "Fey, Karl-Heinz"]
[Result "1-0"]
[WhiteElo "1654"]
[BlackElo "816"]
[PlyCount "29"]

1. d4 Nf6 2. Bf4 d5 3. e3 Nc6 4. Nf3 a5 5. c4 e6 6. c5 a4 7. Nc3 a3 8. bxa3
Rxa3 9. Nb5 Ra8 10. Nxc7+ Kd7 11. Bb5 Qxc7 12. Bxc7 Kxc7 13. Qb3 Na5 14. Qb4 b6
15. cxb6+ 1-0

[Event "7. Griesheimer Schachtage 2011"]
[Site "?"]
[Date "2011.??.??"]
[Round "3.1"]
[White "Grabarczyk, Bogdan"]
[Black "Bahlke, Wolfgang"]
[Result "1-0"]
[WhiteElo "2434"]
[BlackElo "2131"]
[PlyCount "67"]

{16384kB. PentiumII
} 1. e4 c6 2. Nc3 d5 3. Nf3 dxe4 4. Nxe4 Nd7 5. Bc4 e6 6.
Qe2 Ngf6 7. Neg5 Nd5 8. d4 h6 9. Ne4 Be7 10. Bd2 Qc7 11. O-O-O b5 12. Bd3 Nf4
13. Bxf4 Qxf4+ 14. Kb1 Bb7 15. Rhe1 O-O-O 16. Rc1 Rhe8 17. c4 bxc4 18. Bxc4 Bb4
19. Red1 e5 20. g3 Qf5 21. Nh4 Qh7 22. Bxf7 g5 23. Bg6 Qg7 24. Bxe8 Rxe8 25. d5
Nb8 26. dxc6 Nxc6 27. Nf5 Qg6 28. Nfd6+ Bxd6 29. Rxd6 Re6 30. Qg4 Qxe4+ 31.
Qxe4 Rxd6 32. Qxe5 Kd7 33. Qg7+ Ne7 34. Re1 1-0

[Event "7. Griesheimer Schachtage 2011"]
[Site "?"]
[Date "2011.??.??"]
[Round "3.2"]
[White "Prenzler, Daniel"]
[Black "Walter, Stefan"]
[Result "0-1"]
[WhiteElo "2197"]
[BlackElo "2327"]
[PlyCount "86"]

1. e4 e5 2. Nc3 Nf6 3. f4 d5 4. fxe5 Nxe4 5. Nf3 Be7 6. Qe2 Nxc3 7. dxc3 c5 8.
Bf4 Be6 9. O-O-O Qa5 10. Qb5+ Qxb5 11. Bxb5+ Nc6 12. Ng5 O-O 13. c4 Rad8 14. c3
h6 15. Nxe6 fxe6 16. cxd5 exd5 17. Bg3 Bg5+ 18. Kb1 a6 19. Be2 Bf4 20. Bf3 Bxg3
21. hxg3 d4 22. e6 Rfe8 23. Rhe1 Rd6 24. Bxc6 Rxc6 25. cxd4 cxd4 26. Rxd4 Rcxe6
27. Rxe6 Rxe6 28. Rd7 Re3 29. Rxb7 Rxg3 30. Rb6 Rxg2 31. Rxa6 h5 32. Ra3 h4 33.
Rh3 g5 34. b4 Rg4 35. a3 Rg3 36. Rh1 Rxa3 37. Kb2 Rf3 38. Rg1 Rg3 39. Rh1 Kf7
40. b5 Re3 41. Rg1 Re5 42. b6 Kg6 43. Kc2 Re4 0-1

[Event "7. Griesheimer Schachtage 2011"]
[Site "?"]
[Date "2011.??.??"]
[Round "3.3"]
[White "Schild, Christoph"]
[Black "Boetticher, Tim"]
[Result "1-0"]
[WhiteElo "2292"]
[BlackElo "2056"]
[PlyCount "81"]

1. c4 e5 2. g3 Nc6 3. Bg2 d6 4. Nc3 Be6 5. d3 Qd7 6. Rb1 g6 7. b4 Bg7 8. b5 Nd8
9. a4 Ne7 10. Ba3 O-O 11. Ne4 h6 12. c5 Nc8 13. Qc2 a6 14. b6 f5 15. bxc7 Qxc7
16. Nd2 Nc6 17. cxd6 Nxd6 18. Ngf3 Rac8 19. O-O Rfd8 20. Rfc1 Qf7 21. Ne1 Bf6
22. Qb2 Bg5 23. e3 Bd5 24. Bxd6 Rxd6 25. Qxb7 Rc7 26. Qxa6 Bxg2 27. Nxg2 Ra7
28. Qb6 Qd7 29. Qb5 Bd8 30. Ne1 Kh7 31. Nc4 Re6 32. Rd1 Bc7 33. d4 exd4 34.
Rxd4 Qe8 35. Rd3 Ra8 36. Rbd1 Ra7 37. Qc5 h5 38. Rd7+ Kh6 39. Nd6 Qxd7 40.
Nxf5+ gxf5 41. Rxd7 1-0

[Event "7. Griesheimer Schachtage 2011"]
[Site "?"]
[Date "2011.??.??"]
[Round "3.4"]
[White "Vogel, Christian"]
[Black "Bub, Volker"]
[Result "1/2-1/2"]
[WhiteElo "2173"]
[BlackElo "2179"]
[PlyCount "120"]

1. e4 g6 2. d4 Bg7 3. c4 d6 4. Nc3 Nf6 5. Be2 O-O 6. Bg5 c5 7. d5 e6 8. Qd2
exd5 9. exd5 Qa5 10. Nf3 Bg4 11. O-O Nbd7 12. a3 Rfe8 13. h3 Bxf3 14. Bxf3 Qb6
15. Qc2 h6 16. Be3 Qd8 17. Rae1 Nh7 18. Ne4 Ne5 19. Be2 f5 20. Nd2 Qf6 21. Nf3
Nf7 22. Bc1 Nhg5 23. Nxg5 hxg5 24. b4 Qc3 25. Qa2 cxb4 26. axb4 Qxb4 27. Ba3
Qa5 28. Rb1 Qc7 29. c5 dxc5 30. d6 Qxd6 31. Rxb7 Re7 32. Rd1 Qf6 33. Rdd7 Rae8
34. Bc4 Rxd7 35. Rxd7 Re7 36. Rxe7 Qxe7 37. Bxc5 Qxc5 38. Bxf7+ Kh7 39. Qe6 Qb6
40. Bxg6+ Kh6 41. Bxf5+ Qxe6 42. Bxe6 a5 43. Bb3 Kg6 44. g3 Kf5 45. Kg2 Ke4 46.
Bc2+ Kd4 47. Kf3 Kc3 48. Ba4 Kb4 49. Be8 Bd4 50. Ke2 a4 51. f4 a3 52. Bf7 gxf4
53. gxf4 Bf6 54. Kd3 Kc5 55. Ke4 Kd6 56. Kf5 Ke7 57. Ba2 Bh4 58. Kg6 Bf6 59. f5
Bh4 60. Kh5 Bf6 1/2-1/2

[Event "7. Griesheimer Schachtage 2011"]
[Site "?"]
[Date "2011.??.??"]
[Round "3.5"]
[White "Tierling, Detlef"]
[Black "Keim, Frank"]
[Result "0-1"]
[WhiteElo "2036"]
[BlackElo "2214"]
[PlyCount "88"]

1. e4 c6 2. d4 d5 3. Nd2 dxe4 4. Nxe4 Nd7 5. Bd3 Ndf6 6. Ne2 Nxe4 7. Bxe4 Nf6
8. Bd3 Bg4 9. c3 e6 10. h3 Bh5 11. Qb3 Qd7 12. Bg5 Nd5 13. g4 Bg6 14. Bxg6 hxg6
15. O-O-O Be7 16. Bxe7 Qxe7 17. c4 Nf6 18. f3 O-O-O 19. Rd3 Rh4 20. Rhd1 Rxh3
21. Nf4 Rh2 22. Re3 Qc7 23. Ne2 Rdh8 24. d5 cxd5 25. Rc3 d4 26. Nxd4 Rh1 27.
Nb5 Qf4+ 28. Kb1 a6 29. Na3 Rxd1+ 30. Qxd1 Rd8 31. Rd3 Rxd3 32. Qxd3 Nd7 33. c5
Nxc5 34. Qc3 Qd6 35. Nc4 Qd1+ 36. Qc1 Qxc1+ 37. Kxc1 Kd7 38. Ne5+ Ke7 39. g5
Nd7 40. Nd3 e5 41. f4 exf4 42. Nxf4 Nc5 43. b4 Ne6 44. Nd3 Kd6 0-1

[Event "7. Griesheimer Schachtage 2011"]
[Site "?"]
[Date "2011.??.??"]
[Round "3.6"]
[White "Busch, Lorenz"]
[Black "Hoeck, Raimund"]
[Result "1/2-1/2"]
[WhiteElo "2109"]
[BlackElo "2024"]
[PlyCount "66"]

1. e4 c5 2. c3 d5 3. exd5 Qxd5 4. d4 Nf6 5. Nf3 Bg4 6. Be2 e6 7. Be3 cxd4 8.
cxd4 Nc6 9. O-O Be7 10. Nc3 Qd6 11. Nb5 Qd8 12. Ne5 Bxe2 13. Qxe2 a6 14. Nxc6
bxc6 15. Nc3 O-O 16. Rfc1 Qb8 17. Rc2 Rc8 18. Rac1 Qb7 19. a3 a5 20. Nb1 Nd5
21. Nd2 Nb6 22. Qf3 Nd5 23. Nc4 c5 24. dxc5 Bxc5 25. Ne5 Bxe3 26. Rxc8+ Rxc8
27. Rxc8+ Qxc8 28. Qxf7+ Kh8 29. fxe3 Qc1+ 30. Qf1 Qxe3+ 31. Qf2 Qc1+ 32. Qf1
Qe3+ 33. Qf2 Qc1+ 1/2-1/2

[Event "7. Griesheimer Schachtage 2011"]
[Site "?"]
[Date "2011.??.??"]
[Round "3.7"]
[White "Freund, Karlheinz"]
[Black "Dankesreiter, Arne"]
[Result "1/2-1/2"]
[WhiteElo "1911"]
[BlackElo "1996"]
[PlyCount "28"]

1. d4 Nf6 2. Nc3 d5 3. Bg5 Ne4 4. Nxe4 dxe4 5. c3 g6 6. Qb3 Bg7 7. e3 h6 8. Bh4
O-O 9. h3 Nc6 10. f3 Be6 11. Qc2 exf3 12. Nxf3 f5 13. Bd3 Bf7 14. O-O Qd7
1/2-1/2

[Event "7. Griesheimer Schachtage 2011"]
[Site "?"]
[Date "2011.??.??"]
[Round "2.8"]
[White "Mager, Thomas"]
[Black "Hornung, Thomas"]
[Result "1-0"]
[WhiteElo "1860"]
[BlackElo "1993"]
[PlyCount "27"]

1. g3 d5 2. f4 Nf6 3. Nf3 g6 4. Bg2 Bg7 5. O-O O-O 6. d3 c5 7. Qe1 Nc6 8. e4
dxe4 9. dxe4 e5 10. Bd2 Qe7 11. Nc3 Rd8 12. fxe5 Nxe5 13. Bg5 Qe6 14. Nd5 1-0

[Event "7. Griesheimer Schachtage 2011"]
[Site "?"]
[Date "2011.??.??"]
[Round "3.9"]
[White "Neuner, Johannes"]
[Black "Haas, Vanessa"]
[Result "1-0"]
[WhiteElo "1953"]
[BlackElo "1855"]
[PlyCount "43"]

1. d4 Nf6 2. c4 e6 3. g3 Bb4+ 4. Bd2 Bxd2+ 5. Qxd2 c6 6. c5 d5 7. cxd6 Qxd6 8.
Nf3 O-O 9. Bg2 Nbd7 10. Nc3 c5 11. O-O cxd4 12. Qxd4 Qxd4 13. Nxd4 Rb8 14. Rfd1
a6 15. Rac1 Ne5 16. Ne4 Nxe4 17. Bxe4 b5 18. Rc7 f5 19. Bg2 Ng6 20. Nc6 Rb6 21.
h4 Rxc6 22. Bxc6 1-0

[Event "7. Griesheimer Schachtage 2011"]
[Site "?"]
[Date "2011.??.??"]
[Round "3.10"]
[White "Bauer, Bjoern-Benny"]
[Black "Wolf, Christoph"]
[Result "1/2-1/2"]
[WhiteElo "1779"]
[BlackElo "1952"]
[PlyCount "159"]

1. d4 Nf6 2. c4 e5 3. d5 Bc5 4. Nc3 d6 5. Qc2 a5 6. h3 h6 7. e4 O-O 8. Bd3 Re8
9. Nge2 Nbd7 10. O-O Nf8 11. Ng3 Qe7 12. Kh1 Ng6 13. Nce2 Bd7 14. b3 a4 15. Bd2
axb3 16. axb3 Rxa1 17. Rxa1 Bxf2 18. Rf1 Ng4 19. Qc1 Qh4 20. Be1 Bxe1 21. Qxe1
Nf6 22. Qf2 Ra8 23. Kg1 Ra2 24. Qf3 Qg5 25. Rd1 Rd2 26. Rxd2 Qxd2 27. Nf1 Qb2
28. Qe3 b6 29. Nd2 Nh5 30. Bb1 Nhf4 31. Nxf4 Nxf4 32. Kh2 Qc1 33. Qf2 Qc3 34.
h4 Ng6 35. g3 Bg4 36. Ba2 Qb2 37. Bb1 Bd1 38. Qe3 Qc1 39. Qf2 Bxb3 40. h5 Nf8
41. Bd3 Bd1 42. Nf3 Bxf3 43. Qxf3 Qg5 44. Be2 Nd7 45. Qa3 Qd2 46. Qf3 Nf6 47.
Kh3 Qd4 48. Bd3 Nxh5 49. Qxh5 Qxd3 50. Qf5 g6 51. Qc8+ Kg7 52. Qxc7 Qf1+ 53.
Kh2 Qf2+ 54. Kh3 Qc5 55. Qc6 h5 56. Kg2 Kf6 57. Qd7 Kg7 58. Qc6 Qe3 59. Qxd6
Qxe4+ 60. Kh2 Qe2+ 61. Kg1 Qe3+ 62. Kg2 g5 63. Qe7 g4 64. d6 Qf3+ 65. Kh2 Qf2+
66. Kh1 Qf1+ 67. Kh2 Qh3+ 68. Kg1 Qxg3+ 69. Kh1 Qh3+ 70. Kg1 Qe3+ 71. Kg2 Qf3+
72. Kg1 Qg3+ 73. Kh1 Qf3+ 74. Kg1 Qf6 75. Qc7 g3 76. Qxb6 Qh4 77. Qb2 Qe4 78.
d7 Qe1+ 79. Kg2 Qe4+ 80. Kg1 1/2-1/2

[Event "7. Griesheimer Schachtage 2011"]
[Site "?"]
[Date "2011.??.??"]
[Round "3.11"]
[White "Geringer, Waldemar"]
[Black "Reuter, Klaus"]
[Result "1-0"]
[WhiteElo "1948"]
[BlackElo "1682"]
[PlyCount "109"]

1. d4 d5 2. Nf3 c6 3. c4 dxc4 4. g3 Nf6 5. Bg2 Bg4 6. Ne5 e6 7. Nxg4 Nxg4 8. h3
Nf6 9. O-O Bd6 10. e4 Bc7 11. Nc3 Nbd7 12. e5 Nd5 13. Qg4 Qe7 14. Qxg7 Qf8 15.
Qxf8+ Nxf8 16. Bg5 Rg8 17. Ne4 b5 18. h4 Ng6 19. Nf6+ Kf8 20. Bh6+ Ke7 21.
Nxg8+ Rxg8 22. a4 Bb6 23. Rfd1 Rc8 24. h5 Nf8 25. Be4 Nd7 26. Bg5+ f6 27. exf6+
N5xf6 28. Bxh7 Nf8 29. Be4 Kf7 30. Bf3 N8h7 31. Be3 Nd5 32. Kg2 Nhf6 33. Rh1 b4
34. g4 c5 35. dxc5 Nxe3+ 36. fxe3 Bxc5 37. g5 Nd5 38. Bxd5 exd5 39. Rhf1+ Kg8
40. Rad1 c3 41. Kf3 c2 42. Rc1 b3 43. Ke2 d4 44. e4 Ba3 45. bxa3 b2 46. Kd2
bxc1=Q+ 47. Kxc1 d3 48. h6 Rc3 49. g6 Rxa3 50. Kd2 Rb3 51. g7 Rb1 52. Rf8+ Kh7
53. g8=Q+ Kxh6 54. Rf6+ Kh5 55. Qh7+ 1-0

[Event "7. Griesheimer Schachtage 2011"]
[Site "?"]
[Date "2011.??.??"]
[Round "3.12"]
[White "Renger, Juergen"]
[Black "Beck, Michael"]
[Result "0-1"]
[WhiteElo "1678"]
[BlackElo "1924"]
[PlyCount "86"]

{16384kB. PentiumII
} 1. d4 d5 2. c4 c6 3. Nf3 Nf6 4. e3 e6 5. Bd3 dxc4 6.
Bxc4 b5 7. Bd3 Bb7 8. O-O Nbd7 9. Nc3 a6 10. Re1 c5 11. dxc5 Nxc5 12. Be2 Qb6
13. Qd4 Rd8 14. Qh4 Be7 15. Qh3 O-O 16. Ne5 Qc7 17. f4 Qb6 18. Kh1 Qa5 19. Rf1
Nb3 20. Rb1 Nd2 21. Bxd2 Rxd2 22. Bf3 Bxf3 23. Qxf3 Qb6 24. Ne4 Nxe4 25. Qxe4
Bc5 26. f5 exf5 27. Rxf5 Qe6 28. Rf4 f6 29. Rh4 Qxe5 30. Qxh7+ Kf7 31. Rg4 Rg8
32. Qg6+ Kf8 33. Re4 Qb8 34. Rf1 Be7 35. Rc1 Qd8 36. Rd4 Rxd4 37. exd4 Rh8 38.
Qf5 Qd6 39. h3 Kf7 40. d5 g6 41. Qe4 Qe5 42. Qd3 Bd6 43. Rc6 Qh2# 0-1

[Event "7. Griesheimer Schachtage 2011"]
[Site "?"]
[Date "2011.??.??"]
[Round "3.13"]
[White "Plattner, Rolf"]
[Black "Stegner, Marco"]
[Result "1-0"]
[WhiteElo "1919"]
[BlackElo "1654"]
[PlyCount "69"]

1. e4 c5 2. Nf3 Nc6 3. d4 cxd4 4. Nxd4 Nf6 5. Nc3 d6 6. Be3 e5 7. Nb3 Be6 8.
Qd2 a6 9. f3 d5 10. exd5 Nxd5 11. Nxd5 Bxd5 12. Qf2 Qf6 13. Rd1 Bxb3 14. axb3
Be7 15. Bd3 O-O 16. O-O Rfd8 17. Bb6 Rd7 18. Bxh7+ Kxh7 19. Rxd7 Rc8 20. Be3 b5
21. Rfd1 Nb4 22. c3 Nc6 23. Qc2+ g6 24. Qe4 Kg7 25. b4 Rh8 26. Bf2 a5 27. bxa5
Nxa5 28. Bg3 Nc4 29. R7d5 Qb6+ 30. Bf2 Qf6 31. b3 Nd6 32. Qxe5 Qxe5 33. Rxe5
Nf5 34. Rxb5 Bd6 35. g3 1-0

[Event "7. Griesheimer Schachtage 2011"]
[Site "?"]
[Date "2011.??.??"]
[Round "3.14"]
[White "Armbrust, Matthias"]
[Black "Rosinus, Karl"]
[Result "1-0"]
[WhiteElo "1850"]
[BlackElo "1619"]
[PlyCount "33"]

1. e4 e5 2. Nf3 f5 3. Nxe5 Nf6 4. exf5 Qe7 5. Qe2 d6 6. Nf3 Qxe2+ 7. Bxe2 Bxf5
8. Bb5+ c6 9. Ba4 Nbd7 10. d4 O-O-O 11. O-O d5 12. Bg5 h6 13. Bh4 g5 14. Bg3
Nh5 15. Be5 Nxe5 16. Nxe5 Rh7 17. g4 1-0

[Event "7. Griesheimer Schachtage 2011"]
[Site "?"]
[Date "2011.??.??"]
[Round "3.15"]
[White "Stegner, Naomi"]
[Black "Auschkalnis, Reinhard"]
[Result "0-1"]
[WhiteElo "1272"]
[BlackElo "1840"]
[PlyCount "48"]

1. d4 c5 2. dxc5 e6 3. Bf4 Qf6 4. Bc1 Bxc5 5. Nf3 Nc6 6. e3 Nge7 7. a3 O-O 8.
Nc3 d5 9. Be2 a6 10. O-O b5 11. Bd3 h6 12. Bd2 e5 13. e4 d4 14. Ne2 Bg4 15. Ng3
Bxf3 16. Qxf3 Qxf3 17. gxf3 Ng6 18. Nf5 Nce7 19. Nxe7+ Bxe7 20. Kg2 Nh4+ 21.
Kg3 g5 22. Rg1 Bd6 23. c3 f5 24. exf5 e4+ 0-1

[Event "7. Griesheimer Schachtage 2011"]
[Site "?"]
[Date "2011.??.??"]
[Round "3.16"]
[White "Enders, Philipp"]
[Black "Bejan, Viorel"]
[Result "1-0"]
[WhiteElo "1794"]
[BlackElo "1541"]
[PlyCount "49"]

1. d4 e6 2. Nc3 f5 3. e4 fxe4 4. f3 Bb4 5. Nh3 exf3 6. g3 f2+ 7. Nxf2 Bxc3+ 8.
bxc3 Nf6 9. Bd3 d6 10. Qe2 Qe7 11. Bg5 Nbd7 12. O-O O-O 13. Rae1 Qf7 14. Ng4
Qe8 15. Bc4 d5 16. Bxf6 dxc4 17. Be5 Nxe5 18. Rxf8+ Qxf8 19. Nxe5 b5 20. Rf1
Qe8 21. Rf7 Bb7 22. Rxc7 Bd5 23. Qg4 g6 24. Qh4 h5 25. Qf6 1-0

[Event "7. Griesheimer Schachtage 2011"]
[Site "?"]
[Date "2011.??.??"]
[Round "3.17"]
[White "Thumm, Felix"]
[Black "Thumm, Niklas"]
[Result "1-0"]
[WhiteElo "1773"]
[BlackElo "1038"]
[PlyCount "83"]

1. e4 e5 2. Nf3 Nc6 3. Bc4 Bc5 4. Nc3 Nf6 5. d3 Ng4 6. O-O d6 7. h3 Nf6 8. Bg5
h6 9. Bh4 Bd7 10. Re1 Qe7 11. Nd5 Qd8 12. Qd2 Be6 13. c3 Qd7 14. Bxf6 Bxh3 15.
Bxg7 Rg8 16. Nf6+ Kd8 17. Nxd7 Rxg7 18. g3 Kxd7 19. Qxh6 Rxg3+ 20. Kh2 Rxf3 21.
Qxh3+ Rxh3+ 22. Kxh3 Bxf2 23. Rf1 Rh8+ 24. Kg2 Be3 25. Rxf7+ Ne7 26. Re1 Rg8+
27. Kf3 Bf4 28. Rxe7+ Kxe7 29. Bxg8 c6 30. Rg1 Kf8 31. Be6 Ke7 32. Bc8 b5 33.
Rg7+ Kf6 34. Rxa7 Kg5 35. Bd7 c5 36. Bxb5 Bc1 37. b3 Bb2 38. c4 Bd4 39. a4 Kf6
40. a5 d5 41. a6 dxc4 42. bxc4 {Rest unleserlich} 1-0

[Event "7. Griesheimer Schachtage 2011"]
[Site "?"]
[Date "2011.??.??"]
[Round "3.18"]
[White "Fuchs, Andreas"]
[Black "Kirschner, Matthias"]
[Result "1/2-1/2"]
[WhiteElo "1517"]
[BlackElo "1703"]
[PlyCount "50"]

1. f4 c5 2. g3 Nc6 3. Nf3 g6 4. Bg2 Bg7 5. O-O Nf6 6. d3 d6 7. e4 Nd7 8. Nc3
Rb8 9. a4 a6 10. Kh1 b5 11. axb5 axb5 12. Nd5 e6 13. Ne3 Bb7 14. c3 Ra8 15.
Rxa8 Qxa8 16. Qb3 Qa6 17. Rd1 O-O 18. g4 Ne7 19. Ng5 c4 20. dxc4 bxc4 21. Qxc4
Qxc4 22. Nxc4 d5 23. exd5 Bxd5 24. Ne3 Bxg2+ 25. Kxg2 Nc5 1/2-1/2

[Event "7. Griesheimer Schachtage 2011"]
[Site "?"]
[Date "2011.??.??"]
[Round "3.19"]
[White "Nagel, Erwin"]
[Black "Meisinger, Herbert"]
[Result "1-0"]
[WhiteElo "1687"]
[BlackElo "1189"]
[PlyCount "43"]

1. e4 c5 2. f4 d6 3. Nc3 Nf6 4. Nf3 e6 5. g3 Nc6 6. Bg2 Be7 7. d3 Qb6 8. O-O
Ng4 9. Kh1 c4 10. Qe2 cxd3 11. cxd3 Nf6 12. Be3 Qd8 13. h3 Nh5 14. Kh2 O-O 15.
Rad1 f5 16. Ng5 Nf6 17. exf5 h6 18. Nxe6 Bxe6 19. fxe6 d5 20. d4 Qd6 21. f5 Nh7
22. Nxd5 1-0

[Event "7. Griesheimer Schachtage 2011"]
[Site "?"]
[Date "2011.??.??"]
[Round "3.20"]
[White "Breining, Anton"]
[Black "Fey, Karl-Heinz"]
[Result "1-0"]
[WhiteElo "1479"]
[BlackElo "816"]
[PlyCount "73"]

1. e4 c5 2. Nf3 Nc6 3. d4 cxd4 4. Nxd4 e6 5. c3 Qc7 6. g3 Nf6 7. Bg2 Be7 8. O-O
O-O 9. a3 d5 10. exd5 exd5 11. Be3 Rd8 12. Nd2 a6 13. Qc2 g6 14. N2b3 Be6 15.
Rad1 b5 16. Ne2 Bf5 17. Qc1 a5 18. Bd4 a4 19. Bxf6 axb3 20. Bxe7 Nxe7 21. Nd4
Qc4 22. Qe3 Re8 23. Rd2 Nc6 24. Nxc6 Rxe3 25. Bxd5 Qa4 26. fxe3 Re8 27. e4 Bd7
28. Bxf7+ Kg7 29. Rxd7 Rxe4 30. Bxb3+ Kh6 31. Bxa4 bxa4 32. Rd2 Re6 33. Nd4 Rb6
34. Rf4 g5 35. Re4 Rd6 36. Re6+ Rxe6 37. Nxe6 1-0

[Event "7. Griesheimer Schachtage 2011"]
[Site "?"]
[Date "2011.??.??"]
[Round "4.1"]
[White "Walter, Stefan"]
[Black "Grabarczyk, Bogdan"]
[Result "1/2-1/2"]
[WhiteElo "2327"]
[BlackElo "2434"]
[PlyCount "42"]

{16384kB. PentiumII
} 1. d4 d5 2. c4 dxc4 3. Nf3 a6 4. e3 Nf6 5. Bxc4 b5 6.
Bd3 Bb7 7. O-O e6 8. a4 b4 9. Qe2 c5 10. Nbd2 cxd4 11. exd4 Be7 12. Nc4 Nbd7
13. a5 O-O 14. Bf4 Nd5 15. Bg3 N7f6 16. Nfd2 g6 17. Be5 Nh5 18. Qg4 Ng7 19. Qe2
Nh5 20. Qg4 Ng7 21. Qe2 Nh5 1/2-1/2

[Event "7. Griesheimer Schachtage 2011"]
[Site "?"]
[Date "2011.??.??"]
[Round "4.2"]
[White "Keim, Frank"]
[Black "Schild, Christoph"]
[Result "1-0"]
[WhiteElo "2214"]
[BlackElo "2292"]
[PlyCount "81"]

1. e4 e6 2. d4 d5 3. Nd2 Nf6 4. Bd3 c5 5. e5 Nfd7 6. c3 Nc6 7. Ne2 cxd4 8. cxd4
Qb6 9. Nf3 f6 10. exf6 Nxf6 11. O-O Bd6 12. Bf4 Bxf4 13. Nxf4 O-O 14. Re1 e5
15. dxe5 Ng4 16. Qd2 Nb4 17. Nxd5 Nxd5 18. Bc4 Be6 19. Bxd5 Bxd5 20. Qxd5+ Kh8
21. Re2 Rae8 22. Rae1 Nh6 23. e6 Qc7 24. Qe5 Qc4 25. b3 Qg4 26. h3 Qg6 27. Qe4
Qxe4 28. Rxe4 Nf5 29. Rd1 Re7 30. Rd7 Rfe8 31. g4 Nh6 32. Nd4 g6 33. f4 Ng8 34.
Rxe7 Rxe7 35. f5 Nf6 36. Re5 g5 37. Nb5 a6 38. Nc3 Kg7 39. Nd5 Re8 40. Nxf6
Kxf6 41. Rd5 1-0

[Event "7. Griesheimer Schachtage 2011"]
[Site "?"]
[Date "2011.??.??"]
[Round "4.3"]
[White "Prenzler, Daniel"]
[Black "Vogel, Christian"]
[Result "1/2-1/2"]
[WhiteElo "2197"]
[BlackElo "2173"]
[PlyCount "35"]

1. e4 c5 2. Nc3 e6 3. Bc4 Nc6 4. f4 Nge7 5. d3 d5 6. Bb3 dxe4 7. dxe4 Nd4 8.
Be3 Nec6 9. Nf3 Nxb3 10. Qxd8+ Kxd8 11. axb3 Kc7 12. Nb5+ Kb6 13. Na3 Be7 14.
c3 Kc7 15. Nb5+ Kb6 16. Na3 Kc7 17. Nb5+ Kb6 18. Na3 1/2-1/2